| 000 | 00756nam a2200253 a 4500 | ||
|---|---|---|---|
| 001 | 000023246 | ||
| 005 | 20200930022103.0 | ||
| 008 | 101130s1989 sp r 000 | spa d | ||
| 020 | _a8471666456 | ||
| 040 |
_aDO-SdBNP _bspa _cBNPHU |
||
| 082 |
_axxx _bC415n |
||
| 100 | 1 |
_aCerminara, Gina _947877 |
|
| 245 | 1 | 0 |
_aNuevos descubrimientos sobre la reencarnación / _cGina Cerminara ; tr. A. Dupuy. |
| 260 |
_aMadrid : _bEDAF, _c1989. |
||
| 300 |
_a196 p. ; _c21 cm. |
||
| 490 | _aNuevos Temas | ||
| 500 | _aIncluye notas al pie de páginas | ||
| 500 | _aIncluye lista de la colección | ||
| 534 |
_aTítulo original : _tWorld within |
||
| 700 | 1 |
_aDupuy, A. _etr. _947878 |
|
| 830 | 0 |
_aNuevos Temas _947879 |
|
| 834 | _aWorld within | ||
| 049 | _aBNGR | ||
| 999 |
_c22743 _d22743 |
||